=LDR 00000nam 2200000 4500 =001 INLIS000000000038961 =005 20240531090250 =035 ##$$a 0010-061300000038961 =008 240531################g##########0#ind## =041 ##$$a ind =082 ##$$a 813 =090 ##$$a 813, Ton t =100 ##$$a TANAN, Antonius =245 1#$$a Tantangan satu miliar ciputra : $b Sebuah novel entrrepreneurshiip /$c Antonius tanan, Andhika dwi pramudita =260 ##$$a Jakarta :$b Elex Media Komputindo,$c 2009 =300 ##$$a 242 Hlm ; $c 22 cm =650 #4$$a FIKSI =700 #$$a PROMUDITA, Adhika Dwi =850 ##$$a NBPNMAT =020 ##$$a 978-979-27-7660-7 =084 ##$$a 813 TAN t =990 ##$$a 21400613/BPAP-NTB/20142014 =990 ##$$a 0001/BPAP-NTB/20142015 =990 ##$$a 21112800 =990 ##$$a 0001/BPAP-NTB/20142015